000 00392nam a2200121 4500
999 _c15240
_d15240
008 200306b ||||| |||| 00| 0 eng d
100 _942036
_aMendez, Christina.
_eAuthor.
245 _a'PHL safe, no spillover of Mindanao violence'/
_cChristina Mendez.
260 _aPhilippines
_bThe Philippine Star,
_c©2019.
300 _apage 8;
_c29.5cm.
650 _aViolence.
_942037
942 _2ddc
_cPER